Eneida, volumen iv (libros x-xii) / texto latino, trad. y notas de luis rivero garcía, juan a. estévez sola, miryam librán moreno, antonio ramírez de verger :

Guardado en:
Autor Principal: Virgilio Marón, Publio
Otros Autores: Rivero García, Luis, texto latino, trad. y notas, Estévez Sola, Juan A., texto latino, trad. y notas, Librán Moreno, Miryam, texto latino, trad. y notas, Ramírez de Verger, Antonio, texto latino, trad. y notas, Bellido Díaz, José A., índices
Formato: Libro
Publicado: Madrid : Consejo Superior de Investigaciones Científicas, 2011
Materias:
Etiquetas: Agregar Etiqueta
Sin Etiquetas, Sea el primero en etiquetar este registro!
LEADER 01112nam a22002535a 4500
001 EHU.bham045596
003 AR-BHAM
005 20190521123948.0
008 130507s2011##################000#0#####d
020 |a 9788400093402 
082 8 7 |a 873 
100 1 |a Virgilio Marón, Publio 
245 1 0 |a Eneida, volumen iv (libros x-xii) /  |b texto latino, trad. y notas de luis rivero garcía, juan a. estévez sola, miryam librán moreno, antonio ramírez de verger :  |c  Publio Virgilio Marón : 
260 |a Madrid :  |b Consejo Superior de Investigaciones Científicas,  |c 2011 
300 |a 395 p. 
500 |a Edición bilingüe Ejemplar fotocopiado 
653 |a Literatura latina 
653 |a Poesía latina 
700 1 |a Rivero García, Luis, texto latino, trad. y notas 
700 1 |a Estévez Sola, Juan A., texto latino, trad. y notas 
700 1 |a Librán Moreno, Miryam, texto latino, trad. y notas 
700 1 |a Ramírez de Verger, Antonio, texto latino, trad. y notas 
700 1 |a Bellido Díaz, José A., índices 
859 |a AR-BHAM  |b BIB. HUMANIDADES - General  |h 873  |i V819-27  |p 3649.19  |t Ej.1  |v IV (X-XII)  |3 (X-XII)